000 01301cam a2200193 4500
001 WB3833-12
008 020912n2002 000 0 eng u
035 _a(Sirsi) u119680
245 _aEnvironmental export trade needs boosting
260 _c2002
490 _aRICS Environment Faculty News
_v10 September 2002, (1)
520 _aA recent Department of Trade and Industry (DTI) report and a survey of environmental companies by the Environment Industries Commission (EIC) have highlighted the UK's poor performance in exporting environmental expertise and the inadequate support provided by government.The UK currently has only a 4.7% share of the world's environmental export trade market. EIC press release at http://www.eic-uk.co.uk/press/2002%20Press%20Releases/Export%20survey%20release-28.08.02.doc . DTI report "Global environmental markets and the UK environmental industry - opportunities to 2010" (ref.no. 02/534) available free from [email protected] http://www.rics.org/ricscms/bin/show?class=News&template=/includes/shownews.html&id=3599&faculty=Environment&faculty=All%20Faculties
590 _aWB
650 _aEXPORTS
650 _aENVIRONMENTAL EXPORTS
650 _aTECHNOLOGY PARTNERSHIP INITIATIVE
690 _aENVIRONMENTAL AND LAND CONSULTANCY
942 _n0
999 _c71148
_d71148